Statistics for Premier League Managers 2013-2014

Click here to take the quiz!

General Stats

  • This quiz has been taken 22 times
  • The average score is 20 of 34

Answer Stats

HintAnswer% Correct
ArsenalArsene Wenger
100%
LiverpoolBrendan Rodgers
100%
Manchester UnitedDavid Moyes
100%
ChelseaJose Mourinho
94%
Manchester UnitedRyan Giggs
94%
EvertonRoberto Martinez
88%
Newcastle UnitedAlan Pardew
82%
Manchester CityManuel Pellegrini
82%
West Ham UnitedSam Allardyce
82%
Tottenham HotspurAndre Villas Boas
76%
Cardiff CityOle Gunnar Solskjaer
76%
Aston VillaPaul Lambert
76%
Tottenham HotspurTim Sherwood
76%
FulhamMartin Jol
71%
Crystal PalaceTony Pulis
71%
Stoke CityMark Hughes
65%
Hull CitySteve Bruce
65%
Norwich CityChris Hughton
59%
FulhamFelix Magath
53%
SunderlandGus Poyet
53%
Cardiff CityMalky Mackay
53%
SouthamptonMauricio Pochettino
53%
Swansea CityMichael Laudrup
53%
West Bromwich AlbionPepe Mel
47%
Swansea CityGary Monk
41%
Crystal PalaceIan Holloway
41%
SunderlandPaolo Di Canio
41%
FulhamRene Meulensteen
35%
West Bromwich AlbionSteve Clarke
35%
Norwich CityNeil Adams
29%
West Bromwich AlbionKeith Downing
6%
Cardiff CityDavid Kerslake
0%
Crystal PalaceKeith Millen
0%
SunderlandKevin Ball
0%

Score Distribution

Percentile by Number Answered

Percent of People with Each Score

Your Score History

You have not taken this quiz